000 00400nam a2200169Ia 4500
008 131103s9999 xx 000 0 und d
020 _a0 87040 357 5
040 _aLoreto College
041 _aEnglish
082 _aREF
_bLCBED/7358
245 _aStitches & samplers
260 _aTokyo
_bOndorisha
_c1974
300 _a104
_b ill.
_c 23cm.
650 _aREF
850 _aLCBED/REF
942 _cBK
999 _c34089
_d84568